[Event "TUR-chT Clubs"]
[Site "Konya"]
[Date "2019.07.18"]
[Round "4.9"]
[White "Dogan, Sibel"]
[Black "Sarac, Ayca"]
[Result "1/2-1/2"]
[WhiteElo "1596"]
[BlackElo "1142"]
[PlyCount "131"]
[EventDate "2019.07.16"]
[EventType "team-swiss"]
[EventRounds "9"]
[EventCountry "TUR"]
[SourceTitle "CBM 191 Extra"]
[Source "ChessBase"]
[SourceDate "2019.09.30"]
[SourceVersion "1"]
[SourceVersionDate "2019.09.30"]
[SourceQuality "1"]
[WhiteTeam "Busan Genclik"]
[BlackTeam "Samsun Genclik"]
[WhiteTeamCountry "TUR"]
[BlackTeamCountry "TUR"]

1. e4 d5 2. exd5 Qxd5 3. Nc3 Qd8 4. Nf3 Nf6 5. d3 e6 6. Bg5 Be7 7. Be2 0-0 8. 0-0 b6 9. Qd2 Bb7 10. Rad1 c5 11. Bf4 Nc6 12. h3 Bd6 13. Ne4 Bxf4 14. Qxf4 Nd5 15. Qd2 Qc7 16. Nc3 Nce7 17. Kh1 Nxc3 18. Qxc3 Rfd8 19. Rfe1 Qf4 20. Qe5 Ng6 21. Qe3 Qf6 22. d4 Rac8 23. dxc5 Rxc5 24. c3 Bc6 25. Rxd8+ Qxd8 26. Nd4 Bb7 27. f3 Qd6 28. Rd1 Qg3 29. Nxe6 Rc8 30. Rd8+ Rxd8 31. Nxd8 Bd5 32. b3 Qd6 33. Qd4 Qxd8 34. c4 Ne7 35. cxd5 Qxd5 36. Qe3 Kf8 37. Bc4 Qd1+ 38. Kh2 Qd6+ 39. Kg1 Qd1+ 40. Kh2 Qd6+ 41. f4 Nf5 42. Qe4 g6 43. Bd3 Kg7 44. Qf3 Nh4 45. Qe3 Qd5 46. Be4 Nf5 47. Qf3 Qd7 48. Qc3+ Kf8 49. Qh8+ Ke7 50. Qe5+ Qe6 51. Bxf5 Qxe5 52. fxe5 gxf5 53. Kg3 Ke6 54. Kf4 f6 55. exf6 Kxf6 56. h4 h6 57. b4 a5 58. bxa5 bxa5 59. a4 Ke6 60. g3 Kf6 61. h5 Ke6 62. Kf3 Ke5 63. Ke3 Kf6 64. Kd4 Kg5 65. Ke5 Kxh5 66. Kxf5 1/2-1/2